000 00338nam a2200133 i 4500
001 bg
100 1 _aKURNIK, Zdzisław
245 0 _aTablice pomocnicze do projektowania betonu :
_bskrypt /
_cZdzisław Kurnik.
260 _aKraków,
_c1974.
040 _cBPK
041 _apol
942 _cKS
008 s pl f |000 0 pol
999 _c16038
_d16038
856 _uhttp://koha.tu.koszalin.pl/cgi-bin/koha/opac-detail.pl?biblionumber=16038
_yKatalog online BPK